| 000 | 01527cam a22003014a 4500 | ||
|---|---|---|---|
| 001 | 15252807 | ||
| 005 | 20170105102853.0 | ||
| 008 | 080408s2008 nyu b 001 0 eng | ||
| 010 | _a 2008016182 | ||
| 020 | _a9781403997067 (hc : alk. paper) | ||
| 020 | _a1403997063 | ||
| 040 |
_aDLC _cDLC _dDLC |
||
| 050 | 0 | 0 |
_aPR6045.O72 _bZ87647 2008 |
| 082 | 0 | 0 |
_a823.912 _222 |
| 100 | 1 |
_aSimpson, Kathryn, _d1967- |
|
| 245 | 1 | 0 |
_aGifts, markets and economies of desire in Virginia Woolf / _cKathryn Simpson. |
| 260 |
_aNew York : _bPalgrave Macmillan, _c2008. |
||
| 300 |
_aix, 200 p. ; _c23 cm. |
||
| 504 | _aIncludes bibliographical references (p. 185-193) and index. | ||
| 505 | 0 | _aThe business of writing: economies in Woolf's essays -- Queering the market: 'Mrs Dalloway in Bond Street', Mrs Dalloway and 'The hours' -- The gift of vision: to the lighthouse, Orlando and between the acts -- Moments of giving: generosity and desire in Woolf's short fictions. | |
| 600 | 1 | 0 |
_aWoolf, Virginia, _d1882-1941 _xCriticism and interpretation. |
| 856 | 4 | 2 |
_3Contributor biographical information _uhttp://www.loc.gov/catdir/enhancements/fy0906/2008016182-b.html |
| 856 | 4 | 2 |
_3Publisher description _uhttp://www.loc.gov/catdir/enhancements/fy0906/2008016182-d.html |
| 856 | 4 | 1 |
_3Table of contents only _uhttp://www.loc.gov/catdir/enhancements/fy0906/2008016182-t.html |
| 906 |
_a7 _bcbc _corignew _d1 _eecip _f20 _gy-gencatlg |
||
| 942 |
_2ddc _cBK |
||
| 999 |
_c14353 _d14353 |
||